000 00675nam a2200181Ia 4500
008 090630s9999 xx 000 0 und d
082 _b17085
100 _aगांधी मो. क.
245 _aसत्यके प्रयोग अथवा आत्मकथा.
_cगांधी मो. क.
260 _bनवजीवन.
300 _a0
600 _aगांधी मो. क.
630 _aसत्यके प्रयोग अथवा आत्मकथा.
655 _aहिंदी.
700 _aगांधी मो. क.
730 _aसत्यके प्रयोग अथवा आत्मकथा.
942 _cBOOK
999 _c268941
_d268941